Statistiques concernant Personnages de Star Wars par temps d'écran

Cliquez ici pour prendre le quiz!

Statistiques générales

  • Ce quiz a été pris 34 234 fois
    (32 875 depuis la dernière actualisation)
  • Le résultat moyen est 14 sur 22

Statistiques - réponses

MinutesPersonnage% Correct
162Dark Vador
99%
132Luke Skywalker
97%
83Han Solo
88%
77Leia Organa
88%
44Yoda
88%
113Obi-Wan Kenobi
87%
49Empereur Palpatine
83%
59R2-D2
83%
70C-3PO
78%
59Chewbacca
77%
128Rey
72%
72Padmé Amidala
67%
55Kylo Ren
59%
15Mace Windu
54%
75Finn
52%
21Jar-Jar Binks
43%
12Comte Dooku
42%
36Qui-Gon Jinn
42%
47Poe Dameron
37%
22BB-8
36%
17Lando Calrissian
30%
16Rose Tico
15%

Distribution des résultats

Percentile par nombre de réponses

% des personnes avec chaque résultat

Votre développement - résultats

Vous n’avez pas pris ce quiz depuis la dernière actualisation